Normal view
MARC view
- Ragsdale, Cliff T.,
Entry Personal Name
001 - CONTROL NUMBER
- control field: 85125
003 - CONTROL NUMBER IDENTIFIER
- control field: NUST
005 - DATE AND TIME OF LATEST TRANSACTION
- control field: 20211125114334.0
008 - FIXED-LENGTH DATA ELEMENTS
- fixed length control field: 211125|| aca||aabn | a|a d
040 ## - CATALOGING SOURCE
- Original cataloging agency: NUST
- Transcribing agency: NUST
100 ## - HEADING--PERSONAL NAME
- Personal name: Ragsdale, Cliff T.,
- Dates associated with a name: 1960-
670 ## - SOURCE DATA FOUND
- Source citation: Work cat.: (NUST)32054: Ragsdale, Cliff T., 1960-, Spreadsheet Modeling & Decision Analysis :, c2007.
